Κατάλογος Βιβλιοθηκών Mediterranean College

Advanced Accounting / Fourth Edition (Record no. 654)

MARC details
000 -LEADER
fixed length control field 01463cam a22002294a 4500
005 - ΗΜΕΡΟΜΗΝΙΑ ΚΑΙ ΩΡΑ ΤΕΛΕΥΤΑΙΑΣ ΕΝΗΜΕΡΩΣΗΣ
Πεδίο ελέγχου 20250605163942.0
008 - FIXED-LENGTH DATA ELEMENTS--GENERAL INFORMATION
Πεδίο ελέγχου σταθερού μήκους 250528s ||||||||||||||||||||||||d
035 ## - SYSTEM CONTROL NUMBER
System control number 15053
020 ## - ISBN
ISBN 538803150
040 ## - ΠΗΓΗ ΚΑΤΑΛΟΓΟΓΡΑΦΗΣΗΣ
Φορέας πρωτότυπης καταλογογράφησης MC Athens Campus Library
Γλώσσα καταλογογράφησης Ελληνικά, Μοντέρνα (1453-)
Modifying agency MC Athens Campus Library
Κανόνες περιγραφικής καταλογογράφησης AACR2
245 1# - ΤΙΤΛΟΣ ΚΑΙ ΔΗΛΩΣΗ ΥΠΕΥΘΥΝΟΤΗΤΑΣ
Τίτλος Advanced Accounting / Fourth Edition
250 ## - EDITION STATEMENT
Edition statement 4th
260 ## - PUBLICATION, DISTRIBUTION, ETC.
Name of publisher, distributor, etc. South-Western Publishing Co,
Date of publication, distribution, etc. 1990
300 ## - PHYSICAL DESCRIPTION
Extent 1198
520 ## - SUMMARY, ETC.
Summary, etc. Accounting Theory and Income Presentation, Accounting Theory and Standard Setting, Income Presentation and the Disclosure of Earnings Per Share, Combined Corporate Entities and Consolidations, Introduction to Business Combinations, Consolidated Statements at the Date of Acquisition, Consolidated Statements Subsequent to Acquisition, Intercompany Transactions: Merchandise Plant Assets and Notes, Intercompany Transactions: Bonds and Leases, Special Issues in Accounting for an Investment in a Subsidiary, Multinational Accounting, Accounting for Foreign Currency Transactions, Special Reporting Concerns, Interim Data Reporting and Segmental Data, The Securities and Exchange Commission, Governmental and Not-for-Profit Accounting, Governmental Accounting: Special Funds, Accounting for Voluntary Health and Welfare Organizations, Fiduciary Accounting, Estates and Trusts, Insolvency, Index.
700 1# - ΠΡΟΣΘΕΤΗ ΑΝΑΓΡΑΦΗ--ΦΥΣΙΚΟ ΠΡΟΣΩΠΟ
Personal name Fischer Paul M
9 (RLIN) 889
700 1# - ΠΡΟΣΘΕΤΗ ΑΝΑΓΡΑΦΗ--ΦΥΣΙΚΟ ΠΡΟΣΩΠΟ
Personal name Leer Arthur J
9 (RLIN) 890
700 1# - ΠΡΟΣΘΕΤΗ ΑΝΑΓΡΑΦΗ--ΦΥΣΙΚΟ ΠΡΟΣΩΠΟ
Personal name Taylor William James
9 (RLIN) 891
942 ## - ADDED ENTRY ELEMENTS (KOHA)
Koha item type Books
Holdings
Τύπος τεκμηρίου Βιβλιοθήκη Τρέχουσα τοποθεσία Barcode Αριθμός εισαγωγής Ημερομηνία απόκτησης Ταξιθετικό σύμβολο Αριθμός αντιτύπου Κατάσταση απόσυρσης Κατάσταση χαμένου Κατάσταση κατεστραμμένου Μη δανεισμός Σύνολο δανεισμών Ημερομηνία τελευταίας εμφάνισης Η τιμή ισχύει από
Books MC Athens Campus Library MC Athens Campus Library 9780000006530 1280 05/06/2025 657.046 FIS 1           05/06/2025 05/06/2025

MC Athens Campus Library
Πατησίων 94 & Κοδριγκτώνος 13, 104 34
Πελλήνης 8 & Πατησίων 107, 112 51
Τ: +30 210 8899600

MC Thessaloniki Campus Library
Ίωνος Δραγούμη 21, 54625 | Ίωνος Δραγούμη 15, 54625
Τ: +30 2310 287779 – Τ: +30 2314 440300